| 000 | 00769nam a2200265Ia 4500 | ||
|---|---|---|---|
| 003 | OSt | ||
| 005 | 20220926013651.0 | ||
| 006 | a|||||r|||| 00| 0 | ||
| 007 | ta | ||
| 008 | 220923b |||||||| |||| 00| 0 eng d | ||
| 037 | _cGeneral Book | ||
| 040 |
_aRTL _cRTL _beng |
||
| 041 |
_2eng _aeng |
||
| 082 | _aXM8, L5;M1 | ||
| 100 |
_aMason R Hal, etc _9318776 |
||
| 245 | 0 | _aInternational business | |
| 250 | _a2 | ||
| 260 |
_aNew York _bJohn Wiley _c1981 |
||
| 300 |
_avii, 428p _ccm. |
||
| 490 | _aWiley Series in Management. Published Previously as Economics of Intrenational Business | ||
| 500 | _aBibliography chapterwise | ||
| 650 | _aMultinational | ||
| 942 |
_hXM8, L5;M1 _cGB _2CC |
||
| 999 |
_c626508 _d626508 |
||